Маркетинг в туризме: учебное пособие для вузов

Detalles Bibliográficos
Outros autores: Смирнова Д. Ш. (составитель)
Summary:Раскрываются современные подходы к маркетинговой деятельности туристских предприятий, основные составляющие маркетинга в туризме, основы туристского спроса, в том числе внутреннего и иностранного туризма, а также модели потребительского поведения в туризме. Структура учебного пособия построена таким образом, чтобы представить теоретические основы маркетинга услуг в туризме и его практические ин­струментарии комплексно, в максимально структурированном виде, что в значительной степени позволяет облегчить процесс изучения дисциплины.Предназначено для студентов направления «Туризм» и студентов, изучающих дис­циплину « Маркетинг».
Idioma:ruso
Publicado: Москва, КноРус, 2016
Subjects:
Formato: MixedMaterials Libro
KOHA link:https://koha.lib.tpu.ru/cgi-bin/koha/opac-detail.pl?biblionumber=311259

MARC

LEADER 00000nam0a2200000 4500
001 311259
005 20231102002352.0
010 |a 9785436504001 
035 |a (RuTPU)RU\TPU\book\336616 
090 |a 311259 
100 |a 20151204d2016 m y0rusy50 ca 
101 0 |a rus 
102 |a RU 
105 |a a j 001zy 
200 1 |a Маркетинг в туризме  |e учебное пособие для вузов  |f сост. Д. Ш. Смирнова 
210 |a Москва  |c КноРус  |d 2016 
215 |a 200 с.  |c ил. 
320 |a Библиогр.: с. 199-200. 
330 |a Раскрываются современные подходы к маркетинговой деятельности туристских предприятий, основные составляющие маркетинга в туризме, основы туристского спроса, в том числе внутреннего и иностранного туризма, а также модели потребительского поведения в туризме. Структура учебного пособия построена таким образом, чтобы представить теоретические основы маркетинга услуг в туризме и его практические ин­струментарии комплексно, в максимально структурированном виде, что в значительной степени позволяет облегчить процесс изучения дисциплины.Предназначено для студентов направления «Туризм» и студентов, изучающих дис­циплину « Маркетинг». 
606 1 |a Туризм  |2 stltpush  |3 (RuTPU)RU\TPU\subj\62167  |9 79310 
610 1 |a маркетинг 
610 1 |a туристская деятельность 
610 1 |a маркетинговые службы 
610 1 |a маркетинговые коммуникации 
610 1 |a внешнеэкономический маркетинг 
610 1 |a тесты 
610 1 |a практические задания 
610 1 |a учебные пособия 
686 |a У9(2)43я73  |v LBC/SL-A  |2 rubbk 
702 1 |a Смирнова  |b Д. Ш.  |4 220 
801 1 |a RU  |b 63413507  |c 20151204 
801 2 |a RU  |b 63413507  |c 20160302  |g RCR 
900 |a Маркетинг в социально-культурной сфере и туризме 
900 |a Маркетинг в социально-культурном сервисе и туризме 
942 |c BK 
959 |a 152/20151203  |d 1  |e 320,00  |f ЧЗГЛ:1